Bệnh ký sinh trùng ở đàn dê Việt Nam

Kaydedildi:
Detaylı Bibliyografya
Yazar: Phan Địch Lân
Materyal Türü: Kitap
Dil:Undetermined
Baskı/Yayın Bilgisi: H. Nông Nghiệp 2002
Konular:
Etiketler: Etiketle
Etiket eklenmemiş, İlk siz ekleyin!
Thư viện lưu trữ: Trung tâm Học liệu Trường Đại học Cần Thơ
LEADER 00615nam a2200193Ia 4500
001 CTU_57019
008 210402s9999 xx 000 0 und d
020 |b 18000 
082 |a 636.39089696 
082 |b L121 
100 |a Phan Địch Lân 
245 0 |a Bệnh ký sinh trùng ở đàn dê Việt Nam 
245 0 |c Phan Địch Lân, Nguyễn Thị Kim Lan và Nguyễn Văn Quang 
260 |a H. 
260 |b Nông Nghiệp 
260 |c 2002 
650 |a veterinary parasitology,goats,goats 
650 |x diseases,parasites 
980 |a Trung tâm Học liệu Trường Đại học Cần Thơ